| 000 | 00634nmm a2200229 a 4500 | ||
|---|---|---|---|
| 003 | AR-BaBNM | ||
| 005 | 20251128205145.0 | ||
| 008 | 286119s1995 ||||||||||||||000 | spa|| | ||
| 020 | _a950-542048-X | ||
| 040 | _cAR-BaBNM | ||
| 100 | 1 | _aFornasari de Menegazzo, Lilia | |
| 245 | 1 | 0 |
_aIdeas y más ideas _bpropuestas prácticas para el nivel inicial y primeros grados. 1 |
| 250 | _a1ª ed. | ||
| 260 |
_aBuenos Aires _bSopena _c1995 |
||
| 300 |
_a175 p. _bil. |
||
| 650 | 4 | _aACTIVIDADES ESCOLARES | |
| 650 | 4 | _aTRABAJOS PRACTICOS | |
| 653 | _aNIVEL INICIAL | ||
| 653 | _aEDUCACION PRIMARIA | ||
| 942 | _cBK | ||
| 998 | _cCARMEN | ||
| 999 |
_c10227 _d10227 |
||